| 000 | 00770nam a2200277Ia 4500 | ||
|---|---|---|---|
| 001 | Para_6263 | ||
| 003 | CHAP | ||
| 008 | 220125s1980 xx 000 0 und d | ||
| 010 | _a205006 | ||
| 040 | _cCHAP | ||
| 090 | _aPA FOLLETO 362 | ||
| 100 |
_aSchwartz, P.H. _9103282 |
||
| 245 |
_aInsects on trees and shrubs around the home / _c por P.H. Schwartz |
||
| 260 |
_aWashington : _b Department of Agriculture |
||
| 300 | _a50 p. | ||
| 650 |
_aArboles ornamentales _x plagas _96695 |
||
| 650 |
_aArbustos _x plagas _96738 |
||
| 650 |
_aControl de insectos _927592 |
||
| 901 | _aPA FOLLETO 362 | ||
| 902 | _aA | ||
| 905 | _a0000001980 a 0000000000 00 | ||
| 910 | _a1980 | ||
| 942 | _cPARA | ||
| 942 |
_cPARA _d1 |
||
| 999 |
_c205006 _d205006 |
||